000
00191nam a22000977a 4500
082
_a
823
_b
STE/K
100
_a
STEVESON,R L
245
_a
KIDNAPPED
246
_a
KIDNAPPED
_b
KIDNAPPED
942
_c
BK
999
_c
8200
_d
8200